000 00350 a2200121 4500
001 ART_30911
005 20260410161706.0
008 260409a
245 1 0 _aImpuesto a las ganancias de igualación
100 1 _aGarcía, Fernando D.
700 1 _aPantanali, Omar A.
773 0 _tRevista Impuestos
_g- Nº 6 (mar. 2008)
_wREV639
999 _c15614
_d15614